00355nam a2200109Ia 4500008004100000041000800041100001800049245008200067260005200149300000800201700003600209250110s9999 xx 000 0 und d aeng aNaik Saurabhi aEvolving Landscape Policies For second Home Tourism In Northern western Ghats bBNCA M Arch Landscaspe ArchitectureaPunec2023 a45p aGuide Name:Sahasrtabuddhe Swati